[Event "Aeroflot Open B 2017"]
[Site "Moscow RUS"]
[Date "2017.02.28"]
[Round "8.48"]
[White "Davtyan, Artur"]
[Black "Gevorgyan, David Sh."]
[Result "0-1"]
[WhiteTitle "FM"]
[BlackTitle "IM"]
[WhiteElo "2275"]
[BlackElo "2324"]
[WhiteFideId "13308327"]
[BlackFideId "13303244"]
[EventDate "2017.02.21"]

1. d4 Nf6 2. c4 e6 3. Nf3 Bb4+ 4. Nbd2 d5 5. e3 O-O 6. a3 Be7 7. Be2 b6 8. O-O
Bb7 9. b3 c5 10. Bb2 Nc6 11. Bd3 dxc4 12. bxc4 Rc8 13. Qe2 Qc7 14. Rac1 Rfd8 15.
Rfd1 cxd4 16. exd4 Qf4 17. Nb3 Bd6 18. Ne5 Bb8 19. g3 Qh6 20. f4 a5 21. Bb1 a4
22. Na1 Nxe5 23. dxe5 Nd7 24. Nc2 Nc5 25. Nd4 Qh3 26. Nb5 Nb3 27. Rc2 Qg2+ 28.
Qxg2 Rxd1+ 29. Qf1 Rxf1+ 30. Kxf1 Be4 31. Ke1 Bxc2 32. Bxc2 Rxc4 33. Bd3 Rc8 34.
Nc3 Nc5 35. Bb5 Bc7 36. Nxa4 Nxa4 37. Bxa4 Bd8 38. Kd2 Be7 39. Bb5 Bc5 40. Ke2
Bg1 41. Bd3 Bxh2 42. Bd4 Bxg3 43. Bxb6 Bxf4 44. a4 Bxe5 45. Bb5 h5 46. Kf3 Bc7
47. Be3 Ba5 48. Ke4 Rd8 49. Be2 g6 50. Bc4 Kg7 51. Bd4+ Kh6 52. Bf6 Rc8 53. Bb5
g5 54. Kf3 Kg6 55. Bb2 Rd8 56. Ke4 h4 57. Bc6 Rd2 58. Bh8 h3 59. Kf3 f6 60. Be8+
Kf5 0-1

[Event "Aeroflot Open B 2017"]
[Site "Moscow RUS"]
[Date "2017.02.28"]
[Round "8.49"]
[White "Kathmale, Sameer"]
[Black "Narva, Mai"]
[Result "1/2-1/2"]
[WhiteTitle "IM"]
[BlackTitle "WIM"]
[WhiteElo "2323"]
[BlackElo "2241"]
[WhiteFideId "5024498"]
[BlackFideId "4500512"]
[EventDate "2017.02.21"]

1. e4 c5 2. Nf3 d6 3. d4 cxd4 4. Nxd4 Nf6 5. Nc3 Nc6 6. Bg5 e6 7. Qd2 a6 8.
O-O-O Bd7 9. f3 Be7 10. Be3 h5 11. Kb1 Qc7 12. Nxc6 Bxc6 13. Ne2 b5 14. Nd4 Bd7
15. Bg5 Rc8 16. g3 e5 17. Bxf6 Bxf6 18. Ne2 b4 19. c4 a5 20. Qxd6 Qxd6 21. Rxd6
Rxc4 22. Rd5 Be6 23. Rxa5 O-O 24. Nc1 Rc7 25. Be2 Rfc8 26. Nd3 b3 27. axb3 Bxb3
28. Bd1 Rd7 29. Bxb3 Rxd3 30. Ra3 Rd2 31. Ra7 Kh7 32. Bxf7 Rcc2 33. Rb7 Bg5 34.
Bxh5 Be3 35. h4 Bd4 36. Bg4 Rxb2+ 37. Rxb2 Rxb2+ 38. Kc1 Ra2 39. Rh3 Kg6 40. Kd1
Kf6 41. Bf5 Be3 42. Ke1 Ke7 43. h5 Bg5 44. Kf1 Kd6 45. f4 exf4 46. gxf4 Bxf4 47.
Rd3+ Ke5 48. Rd5+ Kf6 49. Bg4 Be5 50. Be2 Ra4 51. Bf3 Ra2 52. Rb5 Rd2 53. Be2
Rd4 54. Bf3 Rd2 55. Be2 Rd4 56. Bf3 Rd2 57. Ke1 Ra2 58. Bd1 Rb2 59. Rd5 Ra2 60.
Be2 Ra4 61. Bf3 Ra2 62. Bd1 Rb2 63. Rc5 Rh2 64. Be2 Rh4 65. Rc4 Kg5 66. Kd2 Kf4
67. Ra4 Rh3 68. Rc4 Ra3 69. Bd3 Ra2+ 70. Bc2 Ra3 71. Bd3 Ra2+ 72. Bc2 Ra3 73.
Bd3 Ra2+ 74. Bc2 Ra3 1/2-1/2

[Event "Aeroflot Open B 2017"]
[Site "Moscow RUS"]
[Date "2017.02.28"]
[Round "8.50"]
[White "Smirnov, Timofey"]
[Black "Martynyuk, Elizaveta"]
[Result "1-0"]
[BlackTitle "WFM"]
[WhiteElo "2323"]
[BlackElo "2169"]
[WhiteFideId "24176427"]
[BlackFideId "24128511"]
[EventDate "2017.02.21"]

1. e4 c5 2. Nf3 Nc6 3. d4 cxd4 4. Nxd4 g6 5. c4 Nf6 6. Nc3 d6 7. Be2 Bg7 8. Be3
O-O 9. O-O Nxd4 10. Bxd4 Bd7 11. Qd2 Bc6 12. f3 a5 13. b3 Nd7 14. Be3 Nc5 15.
Rfc1 e6 16. Rab1 f5 17. exf5 Rxf5 18. Bf1 Qh4 19. Ne2 Raf8 20. Qe1 Qe7 21. Ng3
Re5 22. Qd2 Qh4 23. Re1 g5 24. Rbd1 g4 25. f4 Ne4 26. Nxe4 Rxe4 27. g3 Qh5 28.
Bg2 Qf5 29. Qd3 e5 30. Bxe4 Bxe4 31. Qxd6 Bf3 32. Qd3 Qh5 33. Rd2 Qh3 34. Qf1
exf4 35. Qxh3 fxe3 36. Qg2 Bxg2 37. Rxg2 Bd4 38. Rge2 Re8 39. Rd1 Re4 40. Kf1
Kf7 41. Rc2 b6 42. Ke2 Ke6 43. a3 Bc5 44. Rc3 Ke5 45. b4 axb4 46. axb4 Bxb4 47.
Rxe3 Rxe3+ 48. Kxe3 Bc5+ 49. Kd3 h5 50. Re1+ Kf5 51. Rf1+ Ke5 52. Rf7 h4 53.
gxh4 Bg1 54. h5 Bxh2 55. h6 Ke6 56. Rg7 Be5 57. Rxg4 1-0

[Event "Aeroflot Open B 2017"]
[Site "Moscow RUS"]
[Date "2017.02.28"]
[Round "8.52"]
[White "Koepke, Christian"]
[Black "Hakobyan, Hovhannes H."]
[Result "1/2-1/2"]
[WhiteTitle "IM"]
[WhiteElo "2317"]
[BlackElo "2103"]
[WhiteFideId "4655737"]
[BlackFideId "13306308"]
[EventDate "2017.02.21"]

1. d4 Nf6 2. Bg5 e6 3. Nd2 d5 4. e3 c5 5. c3 Nc6 6. Ngf3 Qb6 7. Rb1 cxd4 8. exd4
Bd6 9. Bd3 h6 10. Bxf6 gxf6 11. O-O Bd7 12. c4 Nxd4 13. cxd5 exd5 14. Nxd4 Qxd4
15. Re1+ Kf8 16. Nb3 Qf4 17. g3 Rg8 18. Bf1 Qg5 19. Bg2 Be6 20. Nd4 Re8 21. Qb3
b6 22. Re2 Bc5 23. Rd1 Kg7 24. Qd3 Bg4 25. Nf3 Qf5 26. Rxe8 Rxe8 27. Qxf5 Bxf5
28. Rxd5 Be4 1/2-1/2

[Event "Aeroflot Open B 2017"]
[Site "Moscow RUS"]
[Date "2017.02.28"]
[Round "8.53"]
[White "Zhu, Yi"]
[Black "Murzin, Volodar"]
[Result "1/2-1/2"]
[WhiteTitle "FM"]
[WhiteElo "2317"]
[BlackElo "2079"]
[WhiteFideId "8607435"]
[BlackFideId "44155573"]
[EventDate "2017.02.21"]

1. d4 Nf6 2. c4 g6 3. g3 Bg7 4. Bg2 O-O 5. Nf3 d6 6. Nc3 Nbd7 7. O-O e5 8. e4
exd4 9. Nxd4 Re8 10. h3 Nc5 11. Re1 Bd7 12. Rb1 a5 13. b3 h6 14. Kh2 h5 15. f4
Ne6 16. Nde2 Nc5 17. Nd4 Ne6 18. Nxe6 Bxe6 19. Qf3 c6 20. Ba3 a4 21. bxa4 Bxc4
22. Rxb7 d5 23. e5 Ne4 24. Nxe4 dxe4 25. Qxe4 Bd5 26. Qc2 Bxg2 27. Qxg2 Rxa4 28.
Bd6 Qc8 29. Rc7 Qe6 30. Re2 h4 31. Qxc6 hxg3+ 32. Kxg3 Rea8 33. Re7 Ra3+ 34. Kf2
Qxh3 35. Re8+ Kh7 36. Bxa3 Rxa3 37. Ke1 Qg3+ 38. Kd1 Qd3+ 39. Ke1 Qg3+ 1/2-1/2

[Event "Aeroflot Open B 2017"]
[Site "Moscow RUS"]
[Date "2017.02.28"]
[Round "8.54"]
[White "Gharibyan, Mamikon"]
[Black "Nogueira, Ivan Kuhlmann"]
[Result "1-0"]
[WhiteTitle "CM"]
[BlackTitle "FM"]
[WhiteElo "2280"]
[BlackElo "2308"]
[WhiteFideId "13308300"]
[BlackFideId "2101297"]
[EventDate "2017.02.21"]

1. d4 d5 2. c4 Nc6 3. Nc3 dxc4 4. d5 Na5 5. Qa4+ c6 6. b4 cxb3 7. axb3 e6 8. Bd2
Nxb3 9. Qxb3 exd5 10. e3 Nf6 11. Nf3 Be7 12. Be2 O-O 13. O-O b5 14. Nd4 Bd7 15.
Rfc1 a6 16. Bf3 Re8 17. Qb1 Bf8 18. Nb3 a5 19. Ne2 b4 20. Nc5 Qb6 21. Qc2 Rec8
22. Nd4 Be8 23. Ndb3 Ra7 24. Qd3 Rca8 25. Na4 Qd8 26. Qd4 Bd6 27. h3 Qe7 28. Qh4
Qe5 29. g3 Qf5 30. Nd4 Qd3 31. Be1 Rc7 32. Be2 Qg6 33. Nb3 Nd7 34. Qg4 c5 35.
Qxg6 hxg6 36. Bf3 c4 37. Bxd5 Rac8 38. Nxa5 c3 39. Nb3 Nf6 40. Bf3 Bb5 41. Nd4
Be8 42. Nb6 Rd8 43. Nd5 Nxd5 44. Bxd5 Bxg3 45. Bb3 Be5 46. Nc2 Rb8 47. Ra5 Bf6
48. f3 Rcb7 49. Rd1 Bd7 50. Bg3 Rc8 51. Bd6 Bxh3 52. Bxb4 Rcb8 53. Rb1 Bd8 54.
Ra6 Bb6 55. Kh2 Bc8 56. Ra3 Bd7 57. Bd6 Rc8 58. Bd5 Bc6 59. Rxc3 Bc5 60. Rxc5
Rxb1 61. Rxc6 Rxc6 62. Bxc6 Rd1 63. Nd4 Rd3 64. Bf4 f6 65. Be4 Rd2+ 66. Kg3 g5
67. Bd6 Kf7 68. Bd5+ Kg6 69. Be6 Kh7 70. Bb4 Rb2 71. Bc3 Rb6 72. e4 Ra6 73. Bf5+
Kh6 74. Bg4 Kh7 75. Nf5 Rb6 76. e5 fxe5 77. Bxe5 g6 78. Nd6 Rb1 79. Nf7 Rg1+ 80.
Kf2 Rb1 81. Nxg5+ Kh6 82. Nf7+ Kh7 83. Bf6 Rb7 84. Ne5 Kh6 85. f4 Rb2+ 86. Kg3
Rb3+ 87. Bf3 Ra3 88. Kg4 Ra4 89. Bg5+ Kg7 90. Be2 1-0

[Event "Aeroflot Open B 2017"]
[Site "Moscow RUS"]
[Date "2017.02.28"]
[Round "8.56"]
[White "Basencyan, Mark"]
[Black "Maltsevskaya, Aleksandra"]
[Result "0-1"]
[WhiteElo "2191"]
[BlackElo "2259"]
[WhiteFideId "13300725"]
[BlackFideId "24174041"]
[EventDate "2017.02.21"]

1. d4 Nf6 2. c4 g6 3. Nc3 Bg7 4. e4 d6 5. Nf3 O-O 6. Be2 e5 7. O-O Nc6 8. d5 Ne7
9. Ne1 Ne8 10. Be3 f5 11. f3 Nf6 12. c5 f4 13. Bf2 g5 14. Rc1 Ng6 15. cxd6 cxd6
16. Nb5 Rf7 17. Nxa7 Bd7 18. Qb3 g4 19. Qxb7 Rb8 20. Qc7 Qxc7 21. Rxc7 Rxb2 22.
Rc2 Rxc2 23. Nxc2 g3 24. Bb6 Ba4 25. Na3 Rb7 26. Nc8 Rb8 27. Ba6 Bd7 28. Rc1 Bf8
29. Ba7 Rb2 30. Rc2 Rb4 31. Rc4 Rb2 32. Rc2 Rb4 33. Nb6 Rd4 34. Be2 Rb4 35. Rc4
Rb2 36. Rc2 Rb4 37. Bc4 Ba4 38. Nxa4 Rxa4 39. Nb5 Rb4 40. h3 Rb1+ 41. Bf1 Ra1
42. a3 Nh4 43. Rc4 h5 44. Bb6 Be7 45. Nc7 Rxa3 46. Ne6 Ra1 47. Rc8+ Kf7 48. Bd8
Bxd8 49. Rxd8 Ke7 50. Rh8 Nxe4 51. Rh7+ Ke8 52. Rh8+ Kd7 53. Rh7+ Kc8 54. Rh8+
Kb7 55. Rh7+ Kb6 56. Nd8 Nd2 57. Rb7+ Kc5 58. Rb5+ Kd4 0-1

[Event "Aeroflot Open B 2017"]
[Site "Moscow RUS"]
[Date "2017.03.01"]
[Round "9.3"]
[White "Abhishek, Kelkar"]
[Black "Moiseenko, Vadim"]
[Result "1/2-1/2"]
[WhiteTitle "IM"]
[BlackTitle "IM"]
[WhiteElo "2381"]
[BlackElo "2508"]
[WhiteFideId "5019257"]
[BlackFideId "4123700"]
[EventDate "2017.02.21"]

1. d4 d5 2. Nf3 c6 3. e3 e6 4. c4 Bd6 5. Be2 Nd7 6. b3 Qe7 7. O-O Nh6 8. a4 dxc4
9. Bxc4 e5 10. Ba3 e4 11. Bxd6 Qxd6 12. Nfd2 Nf6 13. Re1 O-O 14. Nc3 Bf5 15. Nf1
Bg6 16. Ng3 a6 17. Rc1 Rae8 18. Qc2 Kh8 19. Qb2 Nd7 20. b4 f5 21. Nce2 Bf7 22.
Bxf7 Rxf7 23. b5 cxb5 24. axb5 a5 25. Qc3 g5 26. Qc7 Qg6 27. Qxb7 f4 28. exf4
gxf4 1/2-1/2

[Event "Aeroflot Open B 2017"]
[Site "Moscow RUS"]
[Date "2017.03.01"]
[Round "9.4"]
[White "Sivuk, Vitaly"]
[Black "Hakobyan, Aram"]
[Result "1/2-1/2"]
[WhiteTitle "GM"]
[BlackTitle "FM"]
[WhiteElo "2520"]
[BlackElo "2438"]
[WhiteFideId "14116502"]
[BlackFideId "13306677"]
[EventDate "2017.02.21"]

1. c4 c5 2. Nf3 Nf6 3. Nc3 Nc6 4. d4 cxd4 5. Nxd4 e6 6. g3 Qb6 7. Nb3 Ne5 8. e4
Bb4 9. Qe2 Qc6 10. Bd2 d6 11. f4 Ned7 12. Bg2 Bxc3 13. Bxc3 e5 14. O-O O-O 15.
Rad1 Re8 16. f5 b6 17. Nd2 Bb7 18. g4 h6 19. h4 h5 20. g5 Qc5+ 21. Kh1 Ng4 22.
Rde1 b5 23. cxb5 d5 24. Nb3 Qc7 25. Na5 d4 26. Bd2 Qb6 27. Bf3 d3 28. Qxd3 Nc5
29. Qe2 Rad8 30. Nxb7 Qxb7 31. Ba5 Rd3 32. b4 Re3 33. Qc2 Qxb5 34. Qxc5 Qd3 35.
Qc6 Rf8 36. Qd5 Rxe1 37. Qxd3 Nf2+ 38. Kg1 Nxd3 39. Rxe1 Nxe1 40. Bxh5 Rc8 41.
Kf2 Nd3+ 42. Ke3 Nf4 43. Bd1 Rc3+ 44. Kf2 Rc4 45. Bb3 Rxe4 46. g6 Nd3+ 47. Kf3
Rf4+ 48. Ke3 Nxb4 49. gxf7+ Kf8 50. Bc7 Nc6 51. Bd6+ Ne7 52. Be6 Rxh4 53. Bxe5
Ra4 54. Bd6 Ra6 55. Bb4 g6 56. Kd4 Ra4 57. Kc3 gxf5 58. Bc4 a5 59. Bd6 f4 60.
Kb3 Rxc4 1/2-1/2

[Event "Aeroflot Open B 2017"]
[Site "Moscow RUS"]
[Date "2017.03.01"]
[Round "9.5"]
[White "Levin, Evgeny A."]
[Black "Diermair, Andreas"]
[Result "1/2-1/2"]
[WhiteTitle "GM"]
[BlackTitle "IM"]
[WhiteElo "2506"]
[BlackElo "2465"]
[WhiteFideId "4182596"]
[BlackFideId "1612468"]
[EventDate "2017.02.21"]

1. d4 d5 2. c4 e6 3. Nc3 c6 4. e4 dxe4 5. Nxe4 Bb4+ 6. Bd2 Qxd4 7. Bxb4 Qxe4+ 8.
Be2 a5 9. Bc3 Ne7 10. Nf3 O-O 11. O-O f6 12. Re1 1/2-1/2

[Event "Aeroflot Open B 2017"]
[Site "Moscow RUS"]
[Date "2017.03.01"]
[Round "9.6"]
[White "Kotanjian, Tigran"]
[Black "Gasanov, Eldar"]
[Result "1/2-1/2"]
[WhiteTitle "GM"]
[BlackTitle "GM"]
[WhiteElo "2464"]
[BlackElo "2479"]
[WhiteFideId "13301250"]
[BlackFideId "14104466"]
[EventDate "2017.02.21"]

1. d4 Nf6 2. c4 e6 3. Nc3 Bb4 4. Qc2 d5 5. cxd5 exd5 6. Bg5 h6 7. Bh4 Nc6 8. e3
g5 9. Bg3 h5 10. O-O-O Bxc3 11. Qxc3 Ne4 12. Qe1 Qe7 13. f3 Nxg3 14. hxg3 Bd7
15. g4 h4 16. Qd2 O-O-O 17. Ne2 f5 18. gxf5 Bxf5 19. Nc3 Rhe8 20. Re1 Qf6 21.
Bb5 Re6 22. Rhg1 Bh7 23. Bd3 Bxd3 24. Qxd3 Ne7 25. Kb1 Kb8 26. Rd1 Ng6 27. Qd2
c6 28. f4 Qf5+ 29. e4 dxe4 30. fxg5 Qg4 31. Rge1 Nf4 32. Rxe4 Rxe4 33. Nxe4 Nxg2
34. Nf2 Qf5+ 35. Ka1 Nf4 36. Rg1 h3 37. Nd1 Ng2 38. a3 Rg8 39. Rh1 Qf3 40. Qf2
Qg4 41. Qf6 Nf4 42. Nf2 Qf3 43. Re1 Qxf2 44. Qe5+ Kc8 45. Qf5+ Kb8 46. Qe5+ Kc8
47. Qf5+ Kb8 1/2-1/2

[Event "Aeroflot Open B 2017"]
[Site "Moscow RUS"]
[Date "2017.03.01"]
[Round "9.9"]
[White "Shtembuliak, Evgeny"]
[Black "Sviridov, Valery"]
[Result "1/2-1/2"]
[WhiteTitle "IM"]
[WhiteElo "2477"]
[BlackElo "2515"]
[WhiteFideId "14113325"]
[BlackFideId "4120680"]
[EventDate "2017.02.21"]

1. Nf3 Nf6 2. c4 g6 3. Nc3 d5 4. cxd5 Nxd5 5. Qa4+ Nc6 6. Ne5 Qd6 7. Nxc6 Qxc6
8. Qxc6+ bxc6 9. b3 Bg7 10. Bb2 Nb4 11. Kd1 Be6 12. Kc1 Rb8 13. g3 O-O 14. Bg2
Rfd8 15. d3 a5 16. Na4 Bh6+ 17. Kb1 Bg4 18. Re1 Bd2 19. Rd1 Bh6 20. Bf1 f6 21.
f3 Bc8 22. e4 Be3 23. d4 Ba6 24. Bxa6 Nxa6 25. Bc3 e5 26. Bxa5 Bxd4 27. Bc3 c5
28. Bxd4 cxd4 29. Rc1 d3 30. Kb2 Rd4 31. Nc3 d2 32. Rf1 Nb4 33. Rad1 Rbd8 34. a3
Nd3+ 35. Ka2 c6 36. Nb1 Nc1+ 37. Kb2 Rd3 38. Rxd2 Nxb3 39. Rxd3 Rxd3 40. f4 Re3
41. fxe5 fxe5 42. Nc3 Nc5 43. a4 Rd3 44. Kc2 Rd4 45. a5 Rd7 46. Ra1 Ra7 47. Nd1
Nb7 48. a6 Nc5 49. Ra5 Nxa6 50. Rxe5 Kf7 1/2-1/2

[Event "Aeroflot Open B 2017"]
[Site "Moscow RUS"]
[Date "2017.03.01"]
[Round "9.11"]
[White "Zakhartsov, Vladimir"]
[Black "Konovalov, Nikolay"]
[Result "1/2-1/2"]
[WhiteTitle "IM"]
[BlackTitle "GM"]
[WhiteElo "2453"]
[BlackElo "2501"]
[WhiteFideId "4145097"]
[BlackFideId "4170962"]
[EventDate "2017.02.21"]

1. Nf3 Nf6 2. c4 c5 3. Nc3 Nc6 4. d4 cxd4 5. Nxd4 Qb6 6. Nb3 e6 7. a3 d5 8. cxd5
Nxd5 9. Nxd5 exd5 10. e3 Be7 11. Bd2 Bf6 12. Bc3 Bxc3+ 13. bxc3 O-O 14. Be2 1/2-1/2

[Event "Aeroflot Open B 2017"]
[Site "Moscow RUS"]
[Date "2017.03.01"]
[Round "9.12"]
[White "Triapishko, Alexandr"]
[Black "Tran, Minh Thang"]
[Result "0-1"]
[BlackTitle "FM"]
[WhiteElo "2500"]
[BlackElo "2420"]
[WhiteFideId "14122286"]
[BlackFideId "12401080"]
[EventDate "2017.02.21"]

1. b3 d5 2. Bb2 c5 3. e3 Nc6 4. Nf3 e6 5. Bb5 Ne7 6. O-O a6 7. Bxc6+ Nxc6 8. d4
cxd4 9. Nxd4 Bd7 10. Nd2 Qf6 11. c4 Bd6 12. cxd5 exd5 13. Qh5 Qe5 14. Qh4 O-O
15. Rfd1 Qe7 16. Qxe7 Bxe7 17. N2f3 Nxd4 18. Rxd4 Be6 19. a3 Rac8 20. Rd2 f6 21.
Nd4 Bd7 22. Ne2 Bc6 23. Rad1 Rfd8 24. h3 Kf7 25. g4 g5 26. Nd4 h5 27. Nf5 hxg4
28. hxg4 Rh8 29. f3 Rh3 30. Rh2 Rxh2 31. Kxh2 Bd7 32. Rd2 Bxf5 33. gxf5 Bc5 34.
Rxd5 Bxe3 35. Rd7+ Ke8 36. Rd3 Rc2+ 37. Kh1 Rxb2 38. Rxe3+ Kf7 39. Rc3 Ke8 40.
b4 Kd7 41. Rd3+ Kc6 42. Rd8 Ra2 43. Rf8 Kd5 44. Rxf6 Ke5 45. Rf7 b5 46. f6 Rxa3
47. Kg2 Ra4 48. Rf8 Ke6 49. Re8+ Kxf6 50. Re4 Ra2+ 51. Kg3 Rc2 52. Re1 Kf5 53.
Ra1 Rc6 54. Ra2 Ke5 55. Kg4 Rf6 56. Rf2 Rg6 57. Rd2 Rf6 58. Rf2 Rf5 59. Rf1 Rf8
60. Ra1 Rf4+ 61. Kg3 Rf6 62. Rd1 Rf4 63. Ra1 Rxb4 64. Rxa6 Rb1 65. Rg6 Kd4 66.
Kg2 b4 67. Rxg5 b3 68. Rg8 Rc1 69. Rb8 Kc3 70. Rc8+ Kd2 71. Rb8 Rc3 72. Kg3 Kc1
73. Kf4 b2 74. Rxb2 Kxb2 75. Ke4 Rc1 76. f4 Kc3 77. f5 Kc4 78. Ke5 Kc5 79. Ke6
Kc6 80. f6 Re1+ 81. Kf7 Kd7 0-1

[Event "Aeroflot Open B 2017"]
[Site "Moscow RUS"]
[Date "2017.03.01"]
[Round "9.14"]
[White "Matinian, Nikita"]
[Black "Elistratov, Semen"]
[Result "1/2-1/2"]
[WhiteTitle "IM"]
[BlackTitle "FM"]
[WhiteElo "2494"]
[BlackElo "2407"]
[WhiteFideId "24129100"]
[BlackFideId "24134325"]
[EventDate "2017.02.21"]

1. e4 c5 2. Nf3 Nc6 3. Bb5 d6 4. O-O Bd7 5. Re1 Nf6 6. c3 a6 7. Bf1 Bg4 8. h3
Bxf3 9. Qxf3 e6 10. d3 Be7 11. Qd1 O-O 12. Nd2 Nd7 13. f4 b5 14. Nf3 b4 15. g4
a5 16. g5 a4 17. c4 f6 18. h4 fxg5 19. hxg5 e5 20. f5 Nd4 21. Nxd4 exd4 22. Qh5
Qe8 23. Qh3 Qd8 24. Qg3 Kh8 25. Re2 Ne5 26. Rg2 Kg8 27. Be2 Rf7 28. Bf4 g6 29.
Rf1 Bf8 30. Rh2 Raa7 31. Kg2 gxf5 32. Bxe5 dxe5 33. exf5 e4 34. dxe4 Bd6 35. Rf4
Bxf4 36. Qxf4 d3 37. Bd1 Rg7 38. f6 Rg6 39. e5 Rf7 40. Kg3 h6 41. Bg4 Qb8 42.
gxh6 Kh7 43. Kf3 b3 44. a3 Rf8 45. Rd2 Qb7+ 46. Kf2 Qh1 47. Rxd3 Qh4+ 48. Kf3
Qh1+ 49. Kf2 Qh4+ 50. Kf3 Qh1+ 51. Kf2 1/2-1/2

[Event "Aeroflot Open B 2017"]
[Site "Moscow RUS"]
[Date "2017.03.01"]
[Round "9.15"]
[White "Nihal, Sarin"]
[Black "Potapov, Pavel"]
[Result "1/2-1/2"]
[WhiteTitle "FM"]
[BlackTitle "GM"]
[WhiteElo "2386"]
[BlackElo "2493"]
[WhiteFideId "25092340"]
[BlackFideId "4169786"]
[EventDate "2017.02.21"]

1. d4 f5 2. Nf3 Nf6 3. g3 g6 4. Bg2 Bg7 5. O-O O-O 6. b3 d6 7. Bb2 c6 8. c4 Qc7
9. Nbd2 Re8 10. Re1 e5 11. e4 Nxe4 12. dxe5 dxe5 13. Nxe4 fxe4 14. Nd2 Bf5 15.
Nxe4 Na6 16. Qe2 Rad8 17. Rad1 Rxd1 18. Rxd1 Rd8 19. Rd2 Bxe4 20. Rxd8+ Qxd8 21.
Bxe4 Nc5 22. Bc2 Ne6 23. Bxe5 Nd4 24. Bxd4 Bxd4 25. Kg2 Kg7 26. h4 Qf6 27. f4
Bc5 28. h5 Qa1 29. hxg6 hxg6 30. Qe4 Qf6 31. Qe8 Bd6 32. c5 Bf8 33. b4 g5 34.
Qh5 Be7 35. Qh7+ Kf8 36. fxg5 Qxg5 37. Bb3 Ke8 38. Be6 Qf6 39. Qh5+ Kf8 40. Bb3
Qb2+ 41. Kh3 Qf6 42. Kg2 Qb2+ 43. Kf3 Qf6+ 44. Ke4 b6 45. Qg4 Bd8 46. Qg8+ Ke7
47. Qh7+ Kf8 48. g4 bxc5 49. Qg8+ Ke7 50. Qh7+ Ke8 51. bxc5 Qe7+ 52. Qxe7+ Bxe7
53. Kd4 Kd7 54. Ba4 Bh4 55. Ke5 Be7 56. Kd4 Bh4 57. Ke5 1/2-1/2

[Event "Aeroflot Open B 2017"]
[Site "Moscow RUS"]
[Date "2017.03.01"]
[Round "9.16"]
[White "Atabayev, Maksat"]
[Black "Kjartansson, Gudmundur"]
[Result "1/2-1/2"]
[WhiteTitle "GM"]
[BlackTitle "IM"]
[WhiteElo "2492"]
[BlackElo "2464"]
[WhiteFideId "14001101"]
[BlackFideId "2301318"]
[EventDate "2017.02.21"]

1. e4 e5 2. Nf3 Nc6 3. Bb5 Nf6 4. d3 Bc5 5. c3 O-O 6. O-O d6 7. Bxc6 bxc6 8. h3
Bb6 9. Nbd2 Re8 10. Re1 a5 11. a4 d5 12. Qc2 dxe4 13. dxe4 Ba6 14. c4 Nd7 15.
Nb3 Qe7 16. Bd2 Bc8 17. Red1 f6 18. Bc3 Nc5 19. Nxc5 Bxc5 20. b3 Be6 21. Rd3
Red8 22. Rxd8+ Qxd8 23. Rd1 Qe7 24. Rd3 Bb4 25. Bb2 Rd8 26. Kf1 Rxd3 27. Qxd3
Qd6 28. Ke2 Kf7 29. Bc3 Qxd3+ 30. Kxd3 Bxc3 31. Kxc3 c5 32. Ne1 Ke7 33. Nd3 Kd6
34. Kd2 g5 35. g4 Bf7 36. f3 h6 37. Ke1 Bg6 1/2-1/2

[Event "Aeroflot Open B 2017"]
[Site "Moscow RUS"]
[Date "2017.03.01"]
[Round "9.17"]
[White "Kostenko, Petr"]
[Black "Evdokimov, Alexander A."]
[Result "1/2-1/2"]
[WhiteTitle "GM"]
[BlackTitle "GM"]
[WhiteElo "2441"]
[BlackElo "2492"]
[WhiteFideId "13700669"]
[BlackFideId "4139275"]
[EventDate "2017.02.21"]

1. e4 c6 2. Nc3 d5 3. Nf3 Bg4 4. h3 Bxf3 5. Qxf3 Nf6 6. d3 e6 7. a3 Qa5 8. Bd2
Qb6 9. Rb1 Bd6 10. g4 Nfd7 11. Qg2 Qc7 12. Ne2 dxe4 13. Qxe4 Nf6 14. Qa4 Nbd7
15. Bg2 Nd5 16. b4 a6 17. Qb3 Nf4 18. Bxf4 Bxf4 19. a4 Bd6 20. Nc3 Be7 21. Ne4
O-O 22. O-O Qf4 23. Rfe1 Kh8 24. Re2 Ne5 25. Nc5 Bxc5 26. bxc5 f5 27. Qb4 Nf3+
28. Bxf3 Qxf3 29. Re3 Qd5 30. Qc3 Rf7 31. gxf5 Qxf5 32. Rf1 Raf8 33. Qe5 Qxe5
34. Rxe5 Rf6 35. d4 h6 36. Kg2 Rg6+ 37. Kh2 Rf4 38. c3 Rgf6 39. Kg2 Rg6+ 40. Kh2
Rf3 41. Re3 Rgf6 42. Rxf3 Rxf3 43. Rb1 Rxf2+ 44. Kg3 Rf7 45. Rb4 Rf6 46. Rb1 Rf7
47. Re1 Rf6 48. Rb1 Rf7 49. Re1 Rf6 50. Rb1 1/2-1/2

[Event "Aeroflot Open B 2017"]
[Site "Moscow RUS"]
[Date "2017.03.01"]
[Round "9.19"]
[White "Odeev, Handszar"]
[Black "Belyakov, Bogdan"]
[Result "1/2-1/2"]
[WhiteTitle "GM"]
[BlackTitle "IM"]
[WhiteElo "2397"]
[BlackElo "2487"]
[WhiteFideId "14000091"]
[BlackFideId "24104795"]
[EventDate "2017.02.21"]

1. e4 e5 2. Nf3 Nc6 3. d4 exd4 4. Nxd4 Nf6 5. Nxc6 bxc6 6. e5 Qe7 7. Qe2 Nd5 8.
c4 Ba6 9. Nd2 g6 10. Nf3 Qb4+ 11. Kd1 Bg7 12. Qd2 Qxd2+ 13. Bxd2 Nb6 14. Rc1 c5
15. Bd3 O-O 16. Re1 d5 17. exd6 cxd6 18. b3 Rfe8 19. Kc2 Bb7 20. Rxe8+ Rxe8 21.
Re1 Rxe1 22. Nxe1 Be5 23. f4 Bd4 24. f5 Be5 25. h3 Bg3 26. Nf3 Kg7 27. Kd1 Nd7
28. fxg6 hxg6 29. a3 f5 30. b4 Kf6 31. Bc3+ Ke7 32. Bf1 Nf6 33. Kc2 Ne4 34. Bb2
g5 35. Bc1 g4 36. hxg4 fxg4 37. Ng5 Bf2 38. Nxe4 Bxe4+ 39. Kb3 Bc6 40. Bf4 Ke6
41. g3 Be1 42. Bd3 a6 43. Bh7 Bf3 44. Bg8+ Kd7 45. Ka4 Kc6 46. Ka5 d5 47. Kxa6
cxb4 48. axb4 Bxb4 49. cxd5+ Bxd5 50. Bh7 Kc5 51. Bf5 Bf3 52. Be3+ Kc4 53. Bf4
Bc5 54. Ka5 Kd5 55. Bc7 Kc4 56. Be6+ Kd3 1/2-1/2

[Event "Aeroflot Open B 2017"]
[Site "Moscow RUS"]
[Date "2017.03.01"]
[Round "9.20"]
[White "Deviatkin, Andrei"]
[Black "Sindarov, Javokhir"]
[Result "1-0"]
[WhiteTitle "GM"]
[BlackTitle "CM"]
[WhiteElo "2485"]
[BlackElo "2374"]
[WhiteFideId "4121260"]
[BlackFideId "14205483"]
[EventDate "2017.02.21"]

1. e4 e5 2. Nf3 Nc6 3. Bb5 Nf6 4. Qe2 Bc5 5. c3 O-O 6. d3 d6 7. O-O Bb6 8. Na3
Ne7 9. Nc4 Ng6 10. Nxb6 axb6 11. d4 Qe7 12. Re1 h6 13. Bd2 Nh5 14. Qe3 Ngf4 15.
Bf1 Qf6 16. g3 Nh3+ 17. Kh1 Re8 18. d5 Bg4 19. Bg2 Ra4 20. Rf1 Rea8 21. a3 Qe7
22. Rae1 Qd7 23. Nh4 Ng5 24. f4 Nh7 25. fxe5 dxe5 26. Nf5 Ng5 27. Qd3 Qd8 28. c4
Nf6 29. Qc2 Ne8 30. Bb4 Bxf5 31. exf5 f6 32. b3 R4a7 33. a4 Nf7 34. h4 Ned6 35.
Qe2 Qe8 36. Bd2 Rd8 37. Bf3 c6 38. Bg2 Qd7 39. g4 Nc8 40. Be3 c5 41. d6 Nfxd6
42. Bd5+ Kf8 43. Kg1 Ne7 44. Be6 Qe8 45. g5 hxg5 46. hxg5 Nc6 47. Qh2 Ke7 48.
Qh7 Qf8 49. gxf6+ Qxf6 50. Re2 Nf7 51. Bxf7 Kxf7 52. Rg2 e4 53. Rg6 Qc3 54. Bh6
Qd4+ 55. Kh1 Rg8 56. Rfg1 Qf2 57. Rxg7+ Kf6 58. Qg6+ Ke5 59. Rxg8 Qh4+ 60. Kg2 1-0